| 000 | 00672nam a2200217 i 4500 | ||
|---|---|---|---|
| 001 | 87152 | ||
| 003 | ES-MaACL | ||
| 005 | 20240410063032.0 | ||
| 007 | t| | ||
| 008 | 041220s1985 sp ||||1| spa d | ||
| 020 | _a84-7456-305-4 | ||
| 100 | 0 |
_aKozer, José, _d1940- _968690 |
|
| 245 | 1 | 3 |
_aLa garza sin sombras / _cJosé Kozer. |
| 250 | _a1ª ed. | ||
| 260 |
_aSant Boi de Llobregat (Barcelona) : _bEdicions del Mall, _c1985. |
||
| 300 |
_a157 p. ; _c22 cm. |
||
| 490 | 1 |
_aLlibres del Mall. Serie ibérica ; _v20 |
|
| 830 | 0 |
_aLlibres del Mall. Serie ibérica ; _v20 _9183716 |
|
| 852 |
_aES-MaACL _jL-10486 _bR.111579 |
||
| 999 |
_c87152 _d87152 |
||